00827nam a2200241Ia 450000100060000000300090000600800410001504000130005604000130006904100130008210000280009510000290012324500540015224500790020625000110028526000110029626000230030726000490033030000550037950000790043465000410051365000310055415201IT-RoPAU130308s9999 xx 000 0 und d aIT-RoPAU cIT-RoPAU aSPAGNOLO aDe la Hera José Maria gCodice Aut. SPICS: 31817 aVideo (El)-Un importante vehiculo de comunicacion bMedios de comunicacion Social al servicio del Evangelio Y del hombre (Los) a1a ed. aMADRID bEdiciones Paulinas c1986 [1° Ed.:1986 - Ed.Ling.Originale:1986] a"2 p. (prefazione: no ; testo: 2 [pagine: 44-45])" aVideo un importante veicolo di Comunicazione Responsabilità della Chiesa aSAGGI TEOLOGIA COMUNICAZIONE SOCIALE eCodice materia Spics: 9211